Správa o vývoji hospodárstva Slovenskej republiky za február a dva mesiace roku 1998

Vývoj hospodárstva Slovenskej republiky za február a dva mesiace roku 1998 vo vybraných odvetviach: Poľnohospodárstvo, priemysel, stavebníctvo, vnútorný obchod, doprava, zahraničný cestovný ruch. Vývoj spotrebiteľských cien a cien vo výrobnej sfére. Trh práce. Plnenie štátneho rozpočtu. Vývoj úverov...

ver descrição completa

Na minha lista:
Detalhes bibliográficos
Formato: Livro
Idioma:eslovaco
Assuntos:
Tags: Adicionar Tag
Sem tags, seja o primeiro a adicionar uma tag!

MARC

LEADER 00000nam a2200000 4500
001 r031854
005 20230920094928.9
041 0 |a slo 
044 |a CZ 
245 1 0 |a Správa o vývoji hospodárstva Slovenskej republiky za február a dva mesiace roku 1998 
520 |a Vývoj hospodárstva Slovenskej republiky za február a dva mesiace roku 1998 vo vybraných odvetviach: Poľnohospodárstvo, priemysel, stavebníctvo, vnútorný obchod, doprava, zahraničný cestovný ruch. Vývoj spotrebiteľských cien a cien vo výrobnej sfére. Trh práce. Plnenie štátneho rozpočtu. Vývoj úverov. 
610 2 0 |a štatistika 
610 2 0 |a ukazovatele štatistické 
610 2 0 |a priemysel 
610 2 0 |a poľnohospodárstvo 
610 2 0 |a stavebníctvo 
610 2 0 |a doprava 
610 2 0 |a ceny spotrebiteľské 
610 2 0 |a trh práce 
610 2 0 |a rozpočet štátny 
610 2 0 |a úver 
610 2 0 |a Slovensko 
610 2 0 |a 1998